000 00891nac a22002897a 4500
001 BR8108456
003 BR-BrBNA
005 20240105115149.0
008 230509b bl.|||m| |||| 00| 0 por d
040 _aBR-BrBNA
_bpor
_cBiblioteca Nacional de Agricultura
072 _aP00
090 _a8890 BR8108456
100 1 _aAyres, J.M.
100 1 _aMilton, K.
110 1 _aMuseu Paraense Emilio Goeldi, Belem, PA (Brasil)
245 1 _aLevantamento de primatas e habitat no Rio Tapajos [Manaus, Brasil]
260 3 _aBelem, PA (Brasil):
_c1981.
300 _a11 p.
490 _aBoletim do Museu Paraense Emilio Goeldi. Nova Serie. Zoologia (Brazil)
_vno. 111
_xISSN 0077-2232
650 _aCONSERVACAO
650 _aSAGUI
650 _aHABITAT
650 _aPARQUE NACIONAL
650 _aAMAZONIA
909 _a202312
_bLúcia Elande
_c55
_dLúcia Elande
942 _2AGRIS
_n0
_cMS
999 _c273411
_d273411